Podział administracyjny Finlandii - Statystyki

Ogólne statystyki
  • Ten quiz został rozwiązany 8 razy
  • Średni wynik to 7 z 19
Statystyki odpowiedzi
Nazwa jednostki administracyjnej Nazwa % Poprawnych
Region Laponia
100%
Region Karelia Północna
60%
Region Karelia Południowa
60%
Region Ostrobotnia
60%
Region Ostrobotnia Północna
60%
Region Ostrobotnia Południowa
60%
Region Ostrobotnia Środkowa
60%
Region Wyspy Alandzkie
40%
Region Finlandia Środkowa
20%
Region Finlandia Właściwa
20%
Region Kainuu
20%
Region Kanta-Häme
20%
Region Kymenlaakso
20%
Region Päijät-Häme
20%
Region Pirkanmaa
20%
Region Satakunta
20%
Region Sawonia Północna
20%
Region Sawonia Południowa
20%
Region Uusimaa
20%
Nie znaleziono quizów pasujących do podanych kryteriów
Rozkład punktacji
Procent ludzi z każdym wynikiem
Percentyl według liczby udzielonych odpowiedzi
Twoja historia wyników
Nie rozwiązałeś tego quizu